| 000 | 00336cam a22001331 4500 | ||
|---|---|---|---|
| 082 |
_a813 _bKOE |
||
| 100 | 1 |
_aKoestler, Arthur, _945939 |
|
| 245 | 1 | 4 | _aThe age of longing. |
| 260 |
_aNew York, _bMacmillan, _c1951. |
||
| 300 |
_ax, 362 p. _c22 cm. |
||
| 526 |
_a0 _b0 _c0 _d813_000000000000000_KOE |
||
| 650 |
_aMCE _9379 |
||
| 942 |
_2ddc _cBK |
||
| 999 |
_c549331 _d549331 |
||